[Event "Villa Ballester op 73rd"]
[Site "Buenos Aires"]
[Date "2024.01.23"]
[Round "5"]
[White "Gaztanaga, Pablo"]
[Black "Ganza Svidler, Pedro"]
[Result "1-0"]
[WhiteElo "1994"]
[BlackElo "1819"]
[PlyCount "85"]
[EventDate "2024.01.19"]
[EventType "swiss"]
[EventRounds "9"]
[EventCountry "ARG"]
[SourceTitle "CB06_2024"]
[SourceDate "2024.02.07"]
[SourceVersion "1"]
[SourceVersionDate "2024.02.07"]
[SourceQuality "1"]

1. e4 e6 2. d4 d5 3. exd5 exd5 4. Nf3 Nf6 5. Bd3 Nc6 6. 0-0 Be7 7. c3 0-0 8. h3 Re8 9. Re1 h6 10. Bf4 Be6 11. Nbd2 a6 12. Ne5 Nxe5 13. Bxe5 Nd7 14. Bh2 b5 15. f4 Nf6 16. Nf3 c5 17. f5 Bd7 18. Be5 c4 19. Bc2 Qb6 20. Nh2 Bc6 21. Ng4 Bb7 22. Qf3 a5 23. Re2 Nxg4 24. Qxg4 Bf6 25. Kh1 Kf8 26. Rae1 Rad8 27. Qg3 Bxe5 28. Rxe5 Ba6 29. Rxe8+ Rxe8 30. Rxe8+ Kxe8 31. Qe5+ Kf8 32. Qxd5 Bb7 33. Qe5 Qc6 34. Qb8+ Ke7 35. Qg3 Kf8 36. Kh2 b4 37. Bd1 Qd7 38. Qb8+ Ke7 39. Qe5+ Kf8 40. Qxa5 bxc3 41. bxc3 Qd6+ 42. Qe5 Qd8 43. Qf4 1-0

[Event "Buenos Aires Masters op"]
[Site "Buenos Aires"]
[Date "2023.06.19"]
[Round "8"]
[White "Yalet, Nestor Antonio"]
[Black "Ganza Svidler, Pedro"]
[Result "0-1"]
[WhiteElo "1534"]
[BlackElo "1770"]
[PlyCount "98"]
[EventDate "2023.06.14"]
[EventType "swiss"]
[EventRounds "9"]
[EventCountry "ARG"]
[SourceTitle "CBM 215 Extra"]
[Source "ChessBase"]
[SourceDate "2023.09.30"]
[SourceVersion "1"]
[SourceVersionDate "2023.09.30"]
[SourceQuality "1"]

1. d4 d5 2. Nf3 Nf6 3. e3 c5 4. c3 e6 5. Bd3 Be7 6. Nbd2 0-0 7. 0-0 Nbd7 8. e4 dxe4 9. Nxe4 b6 10. dxc5 Nxc5 11. Nxc5 Bxc5 12. Bg5 Bb7 13. Bxf6 Qxf6 14. Be2 e5 15. Qd7 Bc6 16. Qg4 Rfd8 17. Rad1 h6 18. b4 Bf8 19. a3 Ba4 20. Rd2 Rxd2 21. Nxd2 Bc2 22. Ne4 Qe7 23. Bd1 Bd3 24. Re1 Rd8 25. Bb3 Ba6 26. Rd1 Bc8 27. Qf3 Rxd1+ 28. Qxd1 Kh8 29. Bd5 f5 30. Ng3 Qd6 31. Bb3 g6 32. Qxd6 Bxd6 33. Bd5 Kg7 34. f3 Be7 35. Nf1 Bg5 36. g3 Bd7 37. Bb3 b5 38. c4 bxc4 39. Bxc4 Bc1 40. b5 Bxa3 41. Nd2 Bb4 42. Nb3 Kf6 43. Kf2 Be6 44. Bxe6 Kxe6 45. Nc1 Kd5 46. Nd3 Bd6 47. Ke3 Kc4 48. f4 exf4+ 49. gxf4 Kxb5 0-1

[Event "Buenos Aires Masters op"]
[Site "Buenos Aires"]
[Date "2023.06.18"]
[Round "6"]
[White "Sala, Esteban"]
[Black "Ganza Svidler, Pedro"]
[Result "1-0"]
[WhiteElo "1700"]
[BlackElo "1770"]
[PlyCount "41"]
[EventDate "2023.06.14"]
[EventType "swiss"]
[EventRounds "9"]
[EventCountry "ARG"]
[SourceTitle "CBM 215 Extra"]
[Source "ChessBase"]
[SourceDate "2023.09.30"]
[SourceVersion "1"]
[SourceVersionDate "2023.09.30"]
[SourceQuality "1"]

1. d4 d5 2. Nf3 Nf6 3. e3 c5 4. c3 e6 5. Bd3 Bd6 6. Nbd2 0-0 7. 0-0 Nbd7 8. Qe2 Qc7 9. Re1 Rb8 10. e4 dxe4 11. Nxe4 Be7 12. Bg5 b6 13. Ne5 Nxe5 14. dxe5 Nxe4 15. Qxe4 g6 16. Bf6 Bb7 17. Qh4 Bxf6 18. exf6 h5 19. Qg5 Qd8 20. Bxg6 Qd5 21. Bf5+ 1-0

[Event "Buenos Aires Masters op"]
[Site "Buenos Aires"]
[Date "2023.06.14"]
[Round "1"]
[White "Ganza Svidler, Pedro"]
[Black "Ponti, Enrique"]
[Result "0-1"]
[WhiteElo "1770"]
[BlackElo "2044"]
[PlyCount "96"]
[EventDate "2023.06.14"]
[EventType "swiss"]
[EventRounds "9"]
[EventCountry "ARG"]
[SourceTitle "CBM 215 Extra"]
[Source "ChessBase"]
[SourceDate "2023.09.30"]
[SourceVersion "1"]
[SourceVersionDate "2023.09.30"]
[SourceQuality "1"]

1. e4 c6 2. Nf3 d5 3. Nc3 dxe4 4. Nxe4 Nf6 5. Nxf6+ gxf6 6. d4 Bg4 7. Be2 Qc7 8. Be3 e6 9. Qd2 Nd7 10. 0-0-0 0-0-0 11. h3 Bh5 12. g4 Bg6 13. Bf4 Bd6 14. Bxd6 Qxd6 15. h4 h6 16. Rhg1 Kb8 17. Bc4 Be4 18. Qe3 Bd5 19. Bxd5 cxd5 20. Rde1 Nb6 21. Nd2 Rc8 22. Qg3 Qc7 23. Qxc7+ Rxc7 24. c3 Nc8 25. Re3 Nd6 26. Rf3 e5 27. Rxf6 Ne8 28. Rf3 exd4 29. Rgg3 Nd6 30. Rd3 dxc3 31. Rxc3 Re8 32. Kd1 Rce7 33. Rge3 Ne4 34. Nxe4 d4 35. Nf6 dxe3 36. fxe3 Rd8+ 37. Ke2 Rd6 38. g5 hxg5 39. hxg5 Re5 40. Nh7 Rc6 41. Rxc6 bxc6 42. Kf3 Kc7 43. Kf4 Kd6 44. e4 Rc5 45. Nf8 Rc2 46. g6 fxg6 47. Nxg6 Rxb2 48. e5+ Ke6 0-1

[Event "ARG-ch sf 98th"]
[Site "Buenos Aires"]
[Date "2023.05.03"]
[Round "5"]
[White "Marson, Juan Miguel"]
[Black "Ganza Svidler, Pedro"]
[Result "1-0"]
[WhiteElo "2091"]
[BlackElo "1686"]
[PlyCount "69"]
[EventDate "2023.04.29"]
[EventType "swiss"]
[EventRounds "9"]
[EventCountry "ARG"]
[SourceTitle "CBM 214 Extra"]
[Source "ChessBase"]
[SourceDate "2023.07.31"]
[SourceVersion "1"]
[SourceVersionDate "2023.07.31"]
[SourceQuality "1"]

1. d4 d5 2. Bg5 f6 3. Bd2 c5 4. dxc5 e5 5. e4 Be6 6. exd5 Qxd5 7. Be3 Qxd1+ 8. Kxd1 Nd7 9. b4 a5 10. c3 Ne7 11. a3 Nd5 12. Bd2 Bf5 13. Bc4 Nc7 14. Kc1 e4 15. Bf4 Ne5 16. Bxe5 fxe5 17. Ne2 Be7 18. Ng3 Bg6 19. Nd2 Bg5 20. h4 Bxd2+ 21. Kxd2 h6 22. h5 Bh7 23. Rh4 axb4 24. cxb4 0-0-0+ 25. Ke3 Rhf8 26. Nxe4 Bxe4 27. Rxe4 Rf5 28. g4 Rg5 29. Kf3 Re8 30. Rae1 Ne6 31. Bxe6+ Rxe6 32. b5 Kc7 33. Kg3 Re8 34. Kh4 Rf8 35. Rxe5 1-0